Election of the lesser son : (Record no. 56369)

MARC details
000 -LEADER
fixed length control field 00817nam a22001817a 4500
008 - FIXED-LENGTH DATA ELEMENTS--GENERAL INFORMATION
fixed length control field 210622b ||||| |||| 00| 0 eng d
020 ## - INTERNATIONAL STANDARD BOOK NUMBER
International Standard Book Number 1451482957
020 ## - INTERNATIONAL STANDARD BOOK NUMBER
International Standard Book Number 9781451482959
050 ## - LIBRARY OF CONGRESS CALL NUMBER
Classification number BS2665.53
Item number .W35 2014
100 ## - MAIN ENTRY--PERSONAL NAME
Personal name Wallace, David R.
245 ## - TITLE STATEMENT
Title Election of the lesser son :
Remainder of title Paul's lament-midrash in Romans 9-11 /
Statement of responsibility, etc David R. Wallace.
260 ## - PUBLICATION, DISTRIBUTION, ETC. (IMPRINT)
Place of publication, distribution, etc Minneapolis, MN :
Name of publisher, distributor, etc Fortress Press,
Date of publication, distribution, etc 2014.
300 ## - PHYSICAL DESCRIPTION
Extent xiii, 316 pages ;
Dimensions 23 cm
500 ## - GENERAL NOTE
General note Includes bibliographical references (pages 251-289) and index. <br/>
505 ## - FORMATTED CONTENTS NOTE
Formatted contents note Paul's grief for Israel -- God's faithful election of Israel, 9:6-29 -- Israel's failure to hear, 9:30-10:21 -- The grace of God for Israel, 11:1-32 -- Paul-s praise to God, 11:33-36 -- Conclusion.
630 ## - SUBJECT ADDED ENTRY--UNIFORM TITLE
Relator term Bible. Romans
Form subdivision Commentaries.
942 ## - ADDED ENTRY ELEMENTS (KOHA)
Source of classification or shelving scheme Library of Congress Classification
Item type Book
Holdings
Withdrawn status Lost status Source of classification or shelving scheme Damaged status Not for loan Collection code Home library Current library Shelving location Date acquired Source of acquisition Cost, normal purchase price Full call number Barcode Copy number Price effective from Koha item type
    Library of Congress Classification     Non-fiction Bishop Okullu Memorial Library (Limuru Campus) Bishop Okullu Memorial Library (Limuru Campus) General Circulation 22/06/2021 Donations TBN 2500.00 BS2665.53 .W35 2014 065813 1 22/06/2021 Book